Welcome to CU Library Online Public Access Catalogue (OPAC)

Acquisition strategy and implementation / (Record no. 5145)

MARC details
000 -LEADER
fixed length control field 00989cam a2200241 a 4500
001 - CONTROL NUMBER
control field 12361626
005 - DATE AND TIME OF LATEST TRANSACTION
control field 20250324130836.0
008 - FIXED-LENGTH DATA ELEMENTS--GENERAL INFORMATION
fixed length control field 010328s2001 enka b 001 0 eng
020 ## - INTERNATIONAL STANDARD BOOK NUMBER
International Standard Book Number 0333945484 (cloth)
050 00 - LIBRARY OF CONGRESS CALL NUMBER
Classification number HD2746.5
Item number .H83 2001
082 00 - DEWEY DECIMAL CLASSIFICATION NUMBER
Classification number 658.1/6
Edition information 21
100 1# - MAIN ENTRY--PERSONAL NAME
Personal name Hubbard, Nancy,
Dates associated with a name 1963-
245 10 - TITLE STATEMENT
Title Acquisition strategy and implementation /
Statement of responsibility, etc. Nancy Hubbard.
250 ## - EDITION STATEMENT
Edition statement Rev. ed.
260 ## - PUBLICATION, DISTRIBUTION, ETC.
Place of publication, distribution, etc. Houndmills, Basingstoke, Hampshire ;
-- New York :
Name of publisher, distributor, etc. Palgrave,
Date of publication, distribution, etc. 2001.
300 ## - PHYSICAL DESCRIPTION
Extent vi, 304 p. :
Other physical details ill. ;
Dimensions 24 cm.
650 #0 - SUBJECT ADDED ENTRY--TOPICAL TERM
Topical term or geographic name entry element Consolidation and merger of corporations.
650 #0 - SUBJECT ADDED ENTRY--TOPICAL TERM
Topical term or geographic name entry element Consolidation and merger of corporations
Geographic subdivision Great Britain
General subdivision Case studies.
856 42 - ELECTRONIC LOCATION AND ACCESS
Materials specified Contributor biographical information
Uniform Resource Identifier <a href="http://www.loc.gov/catdir/bios/hol055/2001033119.html">http://www.loc.gov/catdir/bios/hol055/2001033119.html</a>
856 42 - ELECTRONIC LOCATION AND ACCESS
Materials specified Publisher description
Uniform Resource Identifier <a href="http://www.loc.gov/catdir/description/hol052/2001033119.html">http://www.loc.gov/catdir/description/hol052/2001033119.html</a>
856 41 - ELECTRONIC LOCATION AND ACCESS
Materials specified Table of contents
Uniform Resource Identifier <a href="http://www.loc.gov/catdir/toc/hol051/2001033119.html">http://www.loc.gov/catdir/toc/hol051/2001033119.html</a>
942 ## - ADDED ENTRY ELEMENTS (KOHA)
Source of classification or shelving scheme Library of Congress Classification
Koha item type Books
Suppress in OPAC No
999 ## -
-- 5145
-- 5145
Holdings
Withdrawn status Lost status Source of classification or shelving scheme Damaged status Not for loan Collection Home library Current library Shelving location Date acquired Total checkouts Full call number Barcode Date last seen Copy number Price effective from Koha item type
    Library of Congress Classification     Non-fiction Undergraduate Library (Christ Temple) Undergraduate Library (Christ Temple) General stacks 03/24/2025   HD2746.5 HUS ulct00001934 03/24/2025 1 03/24/2025 Books
© 2023-2024 Copyright: Central University Libraries. All Rights Reserved | Created by: Mahone Tech Office